000 00320nam a22001337a 4500
008 180918b xxu||||| |||| 00| 0 eng d
020 _a9780323088480
041 _aeng
080 _26 ED
_a610.73
100 _a2
101 _aINF
245 _aIntroduction To Critical Care Nursing
_cSole.k
942 _2udc
_cBK
999 _c47932
_d47932